000 01005nam a22002897a 4500
001 9888
003 FISKH
005 20260312100238.0
008 260312b cb ||||| |||| 00| 0 eng d
020 _a9781405907514
040 _aFISKH
_beng
_cFISKH
_dFISKH
050 _aPZ7
082 _a823.92
100 _aBaxendale, Trevor
_eAuthor
245 _aClaws of the Macra /
_cTrevor Baxendale
260 _aNew York :
_bPenguin House ,
_c2010
300 _a143 pages :
_c20 cm
490 _aDoctor who: decide your destiny :
_v14
505 _aR
520 _aBook 1 in the brand-new Doctor Who Decide Your Destiny series, basedon the new BBC One series featuring Matt Smith as the Doctor! Danger and adventure await you on a school trip to a gas refinery infestedby giant crustaceans! On
521 8 _a750
_bLexile estimate
521 8 _aR
_bRaz-Plus
650 _aChoose your own adventure
_vDoctor Who
650 _aScience fiction
_vSeries
942 _2ddc
_cBK
_n0
999 _c9888
_d9888